Civil affairs handbook Austria; M360-5 : Money and banking
Tallennettuna:
| Yhteisötekijä: | |
|---|---|
| Aineistotyyppi: | Kirja |
| Kieli: | Undetermined |
| Julkaistu: |
Washington
1943
|
| Aiheet: | |
| Tagit: |
Lisää tagi
Ei tageja, Lisää ensimmäinen tagi!
|
| Thư viện lưu trữ: | Trung tâm Học liệu Trường Đại học Cần Thơ |
|---|
| LEADER | 00443nam a2200157Ia 4500 | ||
|---|---|---|---|
| 001 | CTU_84901 | ||
| 008 | 210402s9999 xx 000 0 und d | ||
| 082 | |a 940.3 | ||
| 082 | |b C582/M.360-5 | ||
| 110 | |a Army Service Forces Manual | ||
| 245 | 0 | |a Civil affairs handbook Austria; M360-5 : | |
| 245 | 0 | |b Money and banking | |
| 260 | |a Washington | ||
| 260 | |c 1943 | ||
| 650 | |a world war | ||
| 980 | |a Trung tâm Học liệu Trường Đại học Cần Thơ | ||